000 00838pam a2200265 4500
001 3623318
003 ARRUPE
005 20141212115733.0
008 740701s1974 nyu b 001 0 eng
010 _a 74013030
020 _a0471439584
040 _aDLC
_cDLC
_dDLC
050 0 0 _aQC173.98
_b.J35
082 0 0 _a530.1/2
100 1 _aJammer, Max.
_913414
245 1 4 _aThe philosophy of quantum mechanics;
_bthe interpretations of quantum mechanics in historical perspective.
260 _aNew York,
_bWiley
_c[1974]
300 _axi, 536 p.
_c24 cm.
500 _a"A Wiley-Interscience publication."
504 _aIncludes bibliographical references.
650 0 _aQuantum theory
_xHistory.
_913415
650 0 _aPhysics
_xPhilosophy.
_913416
906 _a7
_bcbc
_corignew
_d1
_eocip
_f19
_gy-gencatlg
942 _2lcc
_cMONOGRAPH
999 _c121504
_d121504